| 000 | 00000nam 2200000za 4500 |
| 001 | 9.844259 |
| 003 | CaOODSP |
| 005 | 20221107152715 |
| 007 | cr ||||||||||| |
| 008 | 170921s1979 onc |o f|0| 0 eng d |
| 040 | |aCaOODSP|beng |
| 043 | |an-cn--- |
| 086 | 1 |aCS15-508/1979E-PDF |
| 245 | 04|aThe input-output structure of the Canadian economy, 1961-74 |h[electronic resource]. |
| 260 | |aOttawa : |bStatistics Canada, |c1979. |
| 300 | |a412 p. |
| 500 | |aIssued also in French under title: La structure par entrée-sorties de l'économie canadienne, 1961-1974. |
| 500 | |aDigitized edition from print [produced by Statistics Canada]. |
| 500 | |a"System of National Accounts." |
| 500 | |aChiefly tables. |
| 692 | 07|2gccst|aPublic accounts |
| 692 | 07|2gccst|aEconomic conditions |
| 710 | 1 |aCanada.|bStatistics Canada. |bInput-Output Division. |
| 775 | 08|tLa structure par entrée-sorties de l'économie canadienne, 1961-1974 |w(CaOODSP)9.844262 |
| 795 | |tThe input-output structure of the Canadian economy, 1961-66 |w(CaOODSP)9.843491 |
| 856 | 40|qPDF|s177.40 MB|uhttps://publications.gc.ca/collections/collection_2017/statcan/CS15-508-1979-eng.pdf |
| 986 | |a15-508E |